京都駅を出る列車の行き先 - Statistics

General Stats
  • This quiz has been taken 2,416 times
  • The average score is 47 of 63
Answer Stats
Hint Answer % Correct
[A]JR神戸線 大阪
96%
姫路
96%
山陽新幹線 新大阪
96%
姫路
96%
米原
95%
敦賀
95%
奈良
94%
東海道新幹線 名古屋
94%
東京
94%
[A]北陸本線・琵琶湖線 草津
93%
博多
93%
岡山
92%
広島
92%
神戸
91%
播州赤穂
88%
静岡
88%
尼崎
86%
西明石
86%
福知山
86%
三島
85%
[G]JR宝塚線 宝塚
84%
野洲
83%
近江塩津
83%
長浜
82%
近鉄奈良
81%
金沢
78%
加古川
77%
鳥取
77%
[D]奈良線 宇治
76%
大和西大寺
76%
近江今津
75%
亀岡
75%
城崎温泉
74%
京都市営地下鉄 国際会館
74%
[A]山陽本線・赤穂線 網干
73%
[C]草津線 柘植
73%
竹田
72%
[E]嵯峨野・山陰線 嵯峨嵐山
70%
園部
70%
上郡
68%
関西空港
68%
[B]湖西線 堅田
67%
(京都丹後鉄道) 天橋立
67%
須磨
66%
新三田
66%
橿原神宮前
65%
城陽
64%
東舞鶴
64%
賢島
63%
近江舞子
62%
倉吉
61%
豊岡
60%
甲子園口
59%
(京都丹後鉄道) 宮津
59%
特急列車 和倉温泉
57%
高山
53%
白浜
53%
永原
50%
近鉄線 新田辺
50%
天理
47%
鳥羽
47%
大阪難波
40%
近鉄宮津
33%
No matching quizzes found
Score Distribution
Percent of People with Each Score
Percentile by Number Answered
Your Score History
You have not taken this quiz